Представление документа в формате MARC21

Поле Инд. ПП Название Значение
Тип записи a
Библиографический уровень b
001 Контрольный номер RU/IS/BASE/103741906
005 Дата корректировки 20220427162859.5
084 a Индекс другой классификации/Индекс ББК 65.30(2Рос)
a Индекс другой классификации/Индекс ББК 65.9(2Рос)
100 1_ a Автор Рикошинский А.
q Полное имя Рикошинский Александр
245 10 a Заглавие Промышленность России
500 a Примечание Диаграмма: Структура производства промышленной продукции по отраслям. - Таблица: Динамика общего объема промышленного производства
520 0_ a Аннотация Структура производства промышленной продукции в 2002 году по отраслям и в целом. Показатели промышленного роста в январе 2003 года на фоне аналогичных данных 2002 года
650 04 a Основная рубрика экономика
a Основная рубрика экономика промышленности
653 0_ a Ключевые слова машиностроение
a Ключевые слова металлообработка
a Ключевые слова отрасли промышленности
a Ключевые слова промышленная продукция
a Ключевые слова промышленное производство
a Ключевые слова Россия
a Ключевые слова рост производства
a Ключевые слова спад производства
a Ключевые слова топливно-энергетический комплекс (ТЭК)
a Ключевые слова цветная металлургия
a Ключевые слова черная металлургия
773 18 t Заглавие источника РИСК: ресурсы, информация, снабжение, конкуренция
d Дата издания источника 2003
g Прочая информация № 1. - С. 84 - 86 : диагр., табл.
w Контрольный № источника RU/IS/BASE/102175616
901 t Тип документа b